| 000 | 003750000a22001450004500 | ||
|---|---|---|---|
| 090 |
_aAR _b01737 |
||
| 245 | 1 | 0 | _aDermatoglifos |
| 650 | 1 | 4 |
_aGenética _992806 |
| 650 | 1 | 4 |
_aPatrones palmares _995157 |
| 650 | 1 | 4 |
_aEnfermedades _994494 |
| 041 | 0 | _aEspañol | |
| 100 | 1 |
_aAntich, J. _995158 |
|
| 942 | _cARTICULO | ||
| 773 | 1 |
_tGenética Media - Edt. Egozma, J. _3592 _q495-502 _d1978 |
|
| 999 |
_c10816 _d10816 |
||